| 000 | 00556cam a22001931 4500 | ||
|---|---|---|---|
| 001 | unk85002382 | ||
| 003 | DLC | ||
| 005 | 20260227112802.0 | ||
| 008 | 850510s1948 mx 000 0 spa | ||
| 010 | _aunk85002382 | ||
| 040 |
_aDLC _cCarP _dDLC |
||
| 043 | _an-mx--- | ||
| 050 | 0 | 0 |
_aKGF5482 _b.A985 1948 |
| 100 | 1 | _aAvendaño Hernandez, Efrain. | |
| 245 | 1 | 0 |
_a"Puede ir el ofendido, _cante el juez civil para obtener la reparación del daño?" |
| 260 |
_aMéxico, _c1948. |
||
| 300 |
_a52 l. _bcm. |
||
| 650 | 0 |
_aReparation (Criminal justice) _zMexico. |
|
| 999 |
_c91614 _d91614 |
||